[Event "GAMMA Reykjavik Open 2019"]
[Site "Reykjavik"]
[Date "2019.04.16"]
[Round "9.17"]
[White "Cummings, David H."]
[Black "Lagarde, Maxime"]
[Result "0-1"]
[WhiteElo "2338"]
[BlackElo "2612"]
[Annotator "TA"]
[PlyCount "74"]
[EventDate "2019.04.04"]
[EventType "swiss"]
[EventCountry "ISL"]
[SourceTitle "playchess.com"]
[Source "ChessBase"]
[SourceQuality "1"]

{[%evp 25,74,0,0,0,0,0,0,0,-3,-72,-66,-72,-67,-74,-31,-53,-60,-76,-72,-161,-160,-200,-197,-212,-213,-357,-339,-581,-572,-558,-527,-1103,-1105,-1031,-994,-957,-950,-29965,-5818,-2254,-720,-29977,-714,-697,-690,-696,-678,-1005,-994,-5139,-1195]} 1. c4 g6 2. e4 Bg7 3. d4 d6 4. Nf3 Nf6 5. Nc3 O-O 6. Be2 Nbd7 7. O-O e5 8. d5 Nc5 9. Qc2 a5 10. Be3 b6 11. Nd2 Ng4 12. Bxg4 Bxg4 13. a3 a4 14. Bxc5 {E94: King's Indian: Classical: 6 Be2 e5 7 0-0: Various Black 7th moves} bxc5 15. Nxa4 Bh6 {...Bxd2 is the strong threat.} 16. Nc3 $146 {The position is equal.} ({Predecessor:} 16. f3 Bd7 17. Nc3 Be3+ 18. Kh1 Qh4 19. Rfe1 Bd4 20. Re2 Rab8 21. Rb1 f5 {0-1 (37) Wiwe,A (2276)-Petersen,T (2349) Denmark 2015}) 16... Qg5 {White must now prevent ...Bh3.} 17. f4 (17. f3 $1 $11 {remains equal.}) 17... exf4 $40 {[%mdl 128] White needs to defend precisely.} 18. Nb5 Qe7 19. Rae1 g5 20. b4 cxb4 21. axb4 Bg7 22. Qd3 (22. Nb3 $17) 22... Ra2 $19 23. Nf3 Rfa8 24. Nfd4 {[#]} Qe5 $1 25. c5 {[#]} (25. Nc2 $142) 25... f3 $1 {[%mdl 512]} 26. Rxf3 $2 (26. Nc2 {was necessary.} dxc5 27. bxc5) (26. Nxf3 Qb2) 26... Bxf3 27. Qxf3 Ra1 28. Rxa1 Rxa1+ 29. Kf2 Qxh2 30. Ne2 Qh1 31. Qh3 Qe1+ 32. Kf3 Ra2 (32... h5 $142 33. Qxh5 Ra2) 33. Qc8+ Bf8 34. Nbc3 {Black is clearly winning.} Rc2 35. cxd6 cxd6 36. Qc4 h5 {( -> ...g4+)} 37. Ke3 g4 {Accuracy: White = 30%, Black = 82%.} (37... Qd2+ $142 38. Kf2 Bg7 39. Qc8+ Kh7 40. Qf5+ Kh6 41. Qxf7 Bd4+ 42. Kf1 {[#]} Rc1+ $1 {[%mdl 512]} 43. Nxc1 Qxc1+ 44. Ke2 Qc2+ 45. Kf1 Qd3+ 46. Ke1 Bxc3+ 47. Kf2 Qd2+ 48. Kg1 Qe1+ {[%mdl 64] Double Attack} 49. Kh2 Be5+ 50. Qf4 Bxf4+ 51. g3 Qxg3+ 52. Kh1 Qh2#) 0-1

[Event "GAMMA Reykjavik Open 2019"]
[Site "Reykjavik"]
[Date "2019.04.16"]
[Round "9.18"]
[White "Borocz, Istvan"]
[Black "Potkin, Vladimir"]
[Result "0-1"]
[WhiteElo "2350"]
[BlackElo "2597"]
[Annotator "ChessBase"]
[PlyCount "70"]
[EventDate "2019.04.04"]
[EventType "swiss"]
[EventCountry "ISL"]
[SourceTitle "playchess.com"]
[Source "ChessBase"]
[SourceQuality "1"]
[TimeControl "40/5400+30:1800+30"]

1. Nc3 {[%emt 0:00:00]} d5 {[%emt 0:01:13]} 2. d4 {[%emt 0:00:40]} Nf6 {[%emt 0:00:45]} 3. Bg5 {[%emt 0:00:20]} Nbd7 {[%emt 0:01:20]} 4. Nf3 {[%emt 0:00:37]} e6 {[%emt 0:11:21]} 5. e3 {[%emt 0:06:13]} c5 {[%emt 0:06:18]} 6. Bd3 {[%emt 0:10:00]} c4 {[%emt 0:06:03]} 7. Be2 {[%emt 0:00:43]} Bb4 {[%emt 0:01:11]} 8. O-O {[%emt 0:01:13]} Bxc3 {[%emt 0:00:56]} 9. bxc3 {[%emt 0:00:35]} Qa5 {[%emt 0:00:05]} 10. Qb1 {[%emt 0:05:02]} Qxc3 {[%emt 0:08:12]} 11. a4 {[%emt 0:23:21]} Ne4 {[%emt 0:10:52]} 12. Bf4 {[%emt 0:11:13]} Qa5 {[%emt 0:00:28]} 13. Qb2 {[%emt 0:13:02]} Nc3 {[%emt 0:12:23]} 14. Rfe1 {[%emt 0:09:07]} Nxa4 {[%emt 0:03:28]} 15. Qa3 {[%emt 0:01:42]} b5 {[%emt 0:00:43]} 16. e4 {[%emt 0:03:34]} Bb7 {[%emt 0:03:07]} 17. exd5 {[%emt 0:01:13]} Bxd5 {[%emt 0:00:29]} 18. Ng5 {[%emt 0:01:57]} h6 {[%emt 0:08:43]} 19. Nh3 {[%emt 0:02:37]} O-O-O {[%emt 0:04:42]} 20. Qe7 {[%emt 0:01:21]} g5 {[%emt 0:01:12]} 21. Bd6 {[%emt 0:01:00]} Qb6 {[%emt 0:01:15]} 22. Bc5 {[%emt 0:01:45]} Ndxc5 {[%emt 0:03:23]} 23. dxc5 {[%emt 0:00:02]} Qc7 {[%emt 0:01:27]} 24. Qf6 {[%emt 0:00:16]} Nxc5 {[%emt 0:00:18]} 25. Bh5 {[%emt 0:01:09]} a6 {[%emt 0:01:28]} 26. f3 {[%emt 0:00:22]} Kb7 {[%emt 0:01:12]} 27. Nf2 {[%emt 0:00:02]} Qf4 {[%emt 0:01:11]} 28. Qc3 {[%emt 0:04:05]} f5 {[%emt 0:00:47]} 29. Qg7+ {[%emt 0:00:33]} Qc7 {[%emt 0:00:11]} 30. Qc3 {[%emt 0:00:02]} Rhg8 {[%emt 0:00:35]} 31. Qe3 {[%emt 0:00:44]} Qb6 {[%emt 0:00:43]} 32. Qe5 {[%emt 0:00:35]} Nd7 {[%emt 0:00:58]} 33. Qe2 {[%emt 0:00:22]} Rg7 {[%emt 0:00:47]} 34. f4 {[%emt 0:00:50]} g4 {[%emt 0:00:45]} 35. Rad1 {[%emt 0:00:35]} Nf6 {[%emt 0:00:21]} 0-1

[Event "GAMMA Reykjavik Open 2019"]
[Site "Reykjavik"]
[Date "2019.04.16"]
[Round "9.19"]
[White "Christiansen, Johan-Sebastian"]
[Black "Stefansson, Vignir Vatnar"]
[Result "0-1"]
[WhiteElo "2571"]
[BlackElo "2293"]
[Annotator "ChessBase"]
[PlyCount "105"]
[EventDate "2019.04.04"]
[EventType "swiss"]
[EventCountry "ISL"]
[SourceTitle "playchess.com"]
[Source "ChessBase"]
[SourceQuality "1"]
[TimeControl "40/5400+30:1800+30"]

1. e4 {[%emt 0:00:00]} c5 {[%emt 0:00:00]} 2. Nf3 {[%emt 0:00:00]} Nc6 {[%emt 0:00:00]} 3. Bb5 {[%emt 0:01:26]} g6 {[%emt 0:01:00]} 4. O-O {[%emt 0:03:31]} Bg7 {[%emt 0:00:51]} 5. Re1 {[%emt 0:00:03]} Nf6 {[%emt 0:01:35]} 6. e5 {[%emt 0:00:44]} Nd5 {[%emt 0:00:14]} 7. Nc3 {[%emt 0:01:15]} Nc7 {[%emt 0:00:35]} 8. Bxc6 {[%emt 0:00:11]} dxc6 {[%emt 0:00:25]} 9. Ne4 {[%emt 0:00:04]} Ne6 {[%emt 0:03:10]} 10. d3 {[%emt 0:00:54]} O-O {[%emt 0:02:43]} 11. Be3 {[%emt 0:00:04]} b6 {[%emt 0:04:12]} 12. Qd2 {[%emt 0:00:02]} Re8 {[%emt 0:04:53]} 13. Bh6 {[%emt 0:01:56]} Bh8 {[%emt 0:00:50]} 14. Ng3 {[%emt 0:32:18]} Ng7 {[%emt 0:11:49]} 15. a3 {[%emt 0:07:10]} Nf5 {[%emt 0:04:14]} 16. Bf4 {[%emt 0:02:16]} Nxg3 {[%emt 0:02:41]} 17. Bxg3 {[%emt 0:00:06]} Bg4 {[%emt 0:03:40]} 18. Ng5 {[%emt 0:00:32]} Bf5 {[%emt 0:12:56]} 19. e6 {[%emt 0:08:19]} f6 {[%emt 0:04:34]} 20. Nf7 {[%emt 0:00:24]} Qd5 {[%emt 0:00:16]} 21. Nh6+ {[%emt 0:03:17]} Kf8 {[%emt 0:01:03]} 22. Qe3 {[%emt 0:02:46]} Bg7 {[%emt 0:02:37]} 23. Nxf5 {[%emt 0:00:16]} Qxf5 {[%emt 0:00:06]} 24. b4 {[%emt 0:00:37]} cxb4 {[%emt 0:02:57]} 25. axb4 {[%emt 0:00:05]} Red8 {[%emt 0:00:37]} 26. Ra4 {[%emt 0:02:16]} Qd5 {[%emt 0:03:17]} 27. Bc7 {[%emt 0:03:03]} Rdc8 {[%emt 0:01:44]} 28. Bf4 {[%emt 0:00:56]} f5 {[%emt 0:03:54]} 29. Bh6 {[%emt 0:00:28]} Rd8 {[%emt 0:01:44]} 30. b5 {[%emt 0:09:12]} Qc5 {[%emt 0:05:06]} 31. d4 {[%emt 0:06:48]} Qxb5 {[%emt 0:03:53]} 32. c4 {[%emt 0:00:11]} f4 {[%emt 0:01:26]} 33. Qa3 {[%emt 0:01:02]} Qf5 {[%emt 0:02:21]} 34. Bxg7+ {[%emt 0:00:07]} Kxg7 {[%emt 0:00:04]} 35. Qxe7+ {[%emt 0:00:06]} Kh6 {[%emt 0:00:04]} 36. Qh4+ {[%emt 0:03:15]} Kg7 {[%emt 0:00:09]} 37. Qe7+ {[%emt 0:00:14]} Kh6 {[%emt 0:00:04]} 38. d5 {[%emt 0:10:24]} cxd5 {[%emt 0:01:20]} 39. Qh4+ {[%emt 0:00:30]} Kg7 {[%emt 0:00:34]} 40. e7 {[%emt 0:00:00]} Re8 {[%emt 0:00:00]} 41. cxd5 {[%emt 0:01:07]} Qxd5 {[%emt 0:06:05]} 42. Rxf4 {[%emt 0:04:04]} Qd6 {[%emt 0:01:55]} 43. Rfe4 {[%emt 0:01:25]} Qf6 {[%emt 0:00:36]} 44. Qg4 {[%emt 0:02:24]} Rac8 {[%emt 0:02:29]} 45. Re6 {[%emt 0:01:57]} Qf7 {[%emt 0:00:43]} 46. h4 {[%emt 0:01:04]} Rc5 {[%emt 0:07:41]} 47. Qd4+ {[%emt 0:01:02]} Kg8 {[%emt 0:00:05]} 48. Rf6 {[%emt 0:03:59]} Rd5 {[%emt 0:01:14]} 49. Qc3 {[%emt 0:02:28]} Rc5 {[%emt 0:01:04]} 50. Qf3 {[%emt 0:00:38]} Qg7 {[%emt 0:01:01]} 51. Rf8+ {[%emt 0:01:27]} Rxf8 {[%emt 0:00:40]} 52. e8=Q {[%emt 0:00:05]} Rcf5 {[%emt 0:00:41]} 53. Qb3+ {[%emt 0:01:16]} 0-1

[Event "GAMMA Reykjavik Open 2019"]
[Site "Reykjavik"]
[Date "2019.04.16"]
[Round "9.20"]
[White "Chittka, Julius"]
[Black "Gretarsson, Hjorvar Steinn"]
[Result "0-1"]
[WhiteElo "2268"]
[BlackElo "2571"]
[Annotator "ChessBase"]
[PlyCount "72"]
[EventDate "2019.04.04"]
[EventType "swiss"]
[EventCountry "ISL"]
[SourceTitle "playchess.com"]
[Source "ChessBase"]
[SourceQuality "1"]
[TimeControl "40/5400+30:1800+30"]

1. d4 {[%emt 0:00:00]} Nf6 {[%emt 0:00:00]} 2. c4 {[%emt 0:00:00]} e6 {[%emt 0:00:00]} 3. Nc3 {[%emt 0:00:00]} Bb4 {[%emt 0:00:00]} 4. e3 {[%emt 0:00:00]} O-O {[%emt 0:00:00]} 5. Bd3 {[%emt 0:00:15]} d5 {[%emt 0:00:00]} 6. Nf3 {[%emt 0:00:18]} b6 {[%emt 0:00:03]} 7. O-O {[%emt 0:00:44]} Bb7 {[%emt 0:00:06]} 8. cxd5 {[%emt 0:01:26]} exd5 {[%emt 0:00:04]} 9. Ne5 {[%emt 0:01:37]} Re8 {[%emt 0:03:56]} 10. Bd2 {[%emt 0:05:20]} Bd6 {[%emt 0:03:48]} 11. f4 {[%emt 0:00:28]} c5 {[%emt 0:00:38]} 12. Be1 {[%emt 0:16:19]} Ba6 {[%emt 0:17:27]} 13. Bh4 {[%emt 0:04:43]} Bxd3 {[%emt 0:07:51]} 14. Qxd3 {[%emt 0:01:02]} Be7 {[%emt 0:01:35]} 15. Rad1 {[%emt 0:09:04]} Nbd7 {[%emt 0:07:57]} 16. Qf5 {[%emt 0:07:08]} g6 {[%emt 0:04:18]} 17. Qh3 {[%emt 0:01:46]} Rc8 {[%emt 0:10:02]} 18. f5 {[%emt 0:07:33]} cxd4 {[%emt 0:17:19]} 19. exd4 {[%emt 0:02:41]} Nf8 {[%emt 0:07:21]} 20. Qf3 {[%emt 0:08:44]} Kg7 {[%emt 0:00:38]} 21. fxg6 {[%emt 0:06:26]} hxg6 {[%emt 0:02:56]} 22. Bxf6+ {[%emt 0:10:42]} Bxf6 {[%emt 0:00:11]} 23. Nxd5 {[%emt 0:02:17]} Nh7 {[%emt 0:00:42]} 24. Rd2 {[%emt 0:06:21]} Re6 {[%emt 0:01:19]} 25. h4 {[%emt 0:03:40]} Qd6 {[%emt 0:03:49]} 26. Rdf2 {[%emt 0:01:14]} Rd8 {[%emt 0:01:23]} 27. Nxf6 {[%emt 0:01:58]} Rxf6 {[%emt 0:00:59]} 28. Qb7 {[%emt 0:01:02]} Qxd4 {[%emt 0:02:17]} 29. Nc6 {[%emt 0:00:50]} Qxf2+ {[%emt 0:00:18]} 30. Rxf2 {[%emt 0:00:09]} Rd1+ {[%emt 0:00:03]} 31. Kh2 {[%emt 0:00:06]} Rxf2 {[%emt 0:00:09]} 32. Qxa7 {[%emt 0:01:01]} Rdd2 {[%emt 0:00:48]} 33. Qxb6 {[%emt 0:00:13]} Rxg2+ {[%emt 0:00:17]} 34. Kh3 {[%emt 0:00:41]} Rge2 {[%emt 0:01:23]} 35. Kg3 {[%emt 0:00:48]} Rd3+ {[%emt 0:00:42]} 36. Kf4 {[%emt 0:00:02]} Nf6 {[%emt 0:00:17]} 0-1

[Event "GAMMA Reykjavik Open 2019"]
[Site "Reykjavik"]
[Date "2019.04.16"]
[Round "9.22"]
[White "Cornette, Matthieu"]
[Black "Abbas, Daniel"]
[Result "1-0"]
[WhiteElo "2556"]
[BlackElo "2253"]
[Annotator "ChessBase"]
[PlyCount "55"]
[EventDate "2019.04.04"]
[EventType "swiss"]
[EventCountry "ISL"]
[SourceTitle "playchess.com"]
[Source "ChessBase"]
[SourceQuality "1"]
[TimeControl "40/5400+30:1800+30"]

1. e4 {[%emt 0:00:00]} c5 {[%emt 0:00:00]} 2. Nc3 {[%emt 0:00:29]} a6 {[%emt 0:00:00]} 3. g3 {[%emt 0:01:03]} b5 {[%emt 0:00:03]} 4. Bg2 {[%emt 0:00:05]} Bb7 {[%emt 0:00:17]} 5. Nh3 {[%emt 0:00:45]} e6 {[%emt 0:02:16]} 6. d3 {[%emt 0:00:29]} Nf6 {[%emt 0:05:43]} 7. O-O {[%emt 0:01:34]} d6 {[%emt 0:04:30]} 8. f4 {[%emt 0:01:36]} Nc6 {[%emt 0:03:22]} 9. f5 {[%emt 0:00:55]} exf5 {[%emt 0:11:02]} 10. exf5 {[%emt 0:01:11]} Be7 {[%emt 0:00:26]} 11. Nd5 {[%emt 0:00:30]} Nxd5 {[%emt 0:02:41]} 12. Bxd5 {[%emt 0:00:05]} O-O {[%emt 0:02:42]} 13. Nf4 {[%emt 0:00:55]} Ra7 {[%emt 0:05:49]} 14. c3 {[%emt 0:04:37]} Bf6 {[%emt 0:08:02]} 15. Qf3 {[%emt 0:03:33]} Ne5 {[%emt 0:01:02]} 16. Qe4 {[%emt 0:01:23]} Bxd5 {[%emt 0:02:19]} 17. Nxd5 {[%emt 0:00:33]} Re8 {[%emt 0:01:38]} 18. Nxf6+ {[%emt 0:11:41]} gxf6 {[%emt 0:01:31]} 19. d4 {[%emt 0:02:41]} d5 {[%emt 0:00:39]} 20. Qh4 {[%emt 0:01:05]} cxd4 {[%emt 0:00:40]} 21. cxd4 {[%emt 0:00:29]} Nc4 {[%emt 0:00:30]} 22. Bh6 {[%emt 0:01:06]} Kh8 {[%emt 0:00:48]} 23. Rae1 {[%emt 0:07:14]} Rg8 {[%emt 0:05:46]} 24. Rf4 {[%emt 0:04:32]} Nd6 {[%emt 0:00:30]} 25. Rg4 {[%emt 0:05:18]} Rxg4 {[%emt 0:00:14]} 26. Qxg4 {[%emt 0:00:02]} Qg8 {[%emt 0:00:10]} 27. Qf4 {[%emt 0:00:56]} Rd7 {[%emt 0:03:25]} 28. Re7 {[%emt 0:00:49]} 1-0

[Event "GAMMA Reykjavik Open 2019"]
[Site "Reykjavik"]
[Date "2019.04.16"]
[Round "9.23"]
[White "Praggnanandhaa R"]
[Black "Stoyanov, Viktor"]
[Result "1-0"]
[WhiteElo "2537"]
[BlackElo "2238"]
[Annotator "ChessBase"]
[PlyCount "125"]
[EventDate "2019.04.04"]
[EventType "swiss"]
[EventCountry "ISL"]
[SourceTitle "playchess.com"]
[Source "ChessBase"]
[SourceQuality "1"]
[TimeControl "40/5400+30:1800+30"]

1. Nf3 {[%emt 0:00:32]} Nf6 {[%emt 0:00:00]} 2. g3 {[%emt 0:00:57]} c5 {[%emt 0:00:00]} 3. Bg2 {[%emt 0:01:24]} g6 {[%emt 0:00:04]} 4. b3 {[%emt 0:01:56]} Bg7 {[%emt 0:00:12]} 5. Bb2 {[%emt 0:00:10]} O-O {[%emt 0:00:20]} 6. c4 {[%emt 0:00:33]} Nc6 {[%emt 0:01:23]} 7. O-O {[%emt 0:00:19]} d6 {[%emt 0:09:58]} 8. d4 {[%emt 0:12:59]} cxd4 {[%emt 0:02:31]} 9. Nxd4 {[%emt 0:00:11]} Bd7 {[%emt 0:00:52]} 10. Nc3 {[%emt 0:02:34]} Qb6 {[%emt 0:18:01]} 11. e3 {[%emt 0:10:05]} a5 {[%emt 0:04:14]} 12. Ndb5 {[%emt 0:09:34]} Bg4 {[%emt 0:09:00]} 13. Qd2 {[%emt 0:03:06]} Ne5 {[%emt 0:04:33]} 14. f4 {[%emt 0:04:00]} Nc6 {[%emt 0:06:43]} 15. h3 {[%emt 0:02:03]} Bd7 {[%emt 0:01:40]} 16. Kh2 {[%emt 0:01:22]} Rfc8 {[%emt 0:02:09]} 17. e4 {[%emt 0:05:08]} Qd8 {[%emt 0:04:51]} 18. Rad1 {[%emt 0:01:38]} Be6 {[%emt 0:04:25]} 19. Na4 {[%emt 0:06:23]} Rab8 {[%emt 0:04:53]} 20. Qf2 {[%emt 0:07:05]} Qf8 {[%emt 0:02:31]} 21. Rd2 {[%emt 0:03:43]} Rd8 {[%emt 0:02:37]} 22. Rfd1 {[%emt 0:02:23]} Ne8 {[%emt 0:00:44]} 23. Ba3 {[%emt 0:04:41]} h5 {[%emt 0:08:44]} 24. c5 {[%emt 0:05:47]} dxc5 {[%emt 0:00:59]} 25. Nxc5 {[%emt 0:00:24]} Rxd2 {[%emt 0:01:46]} 26. Rxd2 {[%emt 0:00:10]} Bc8 {[%emt 0:04:46]} 27. e5 {[%emt 0:00:56]} g5 {[%emt 0:00:56]} 28. Bxc6 {[%emt 0:06:56]} bxc6 {[%emt 0:00:07]} 29. Rd8 {[%emt 0:00:14]} cxb5 {[%emt 0:01:28]} 30. Rxc8 {[%emt 0:00:25]} Rxc8 {[%emt 0:00:11]} 31. Nd7 {[%emt 0:00:05]} b4 {[%emt 0:00:41]} 32. Nxf8 {[%emt 0:03:09]} Kxf8 {[%emt 0:00:13]} 33. Bb2 {[%emt 0:00:38]} gxf4 {[%emt 0:00:20]} 34. gxf4 {[%emt 0:00:03]} Bh6 {[%emt 0:00:58]} 35. Bd4 {[%emt 0:01:48]} Nc7 {[%emt 0:00:37]} 36. Qc2 {[%emt 0:03:40]} Bxf4+ {[%emt 0:00:12]} 37. Kh1 {[%emt 0:00:11]} Rd8 {[%emt 0:00:35]} 38. Bb6 {[%emt 0:00:18]} Bxe5 {[%emt 0:00:13]} 39. Bxc7 {[%emt 0:00:16]} Bxc7 {[%emt 0:01:20]} 40. Qxc7 {[%emt 0:00:00]} Rd1+ {[%emt 0:00:00]} 41. Kg2 {[%emt 0:00:17]} Rd2+ {[%emt 0:00:14]} 42. Kf3 {[%emt 0:00:15]} Rxa2 {[%emt 0:00:08]} 43. Qb8+ {[%emt 0:07:32]} Kg7 {[%emt 0:00:07]} 44. Qe5+ {[%emt 0:00:06]} Kg8 {[%emt 0:00:13]} 45. Qg5+ {[%emt 0:00:33]} Kf8 {[%emt 0:00:15]} 46. Qxh5 {[%emt 0:00:06]} e6 {[%emt 0:01:27]} 47. Ke4 {[%emt 0:07:34]} a4 {[%emt 0:01:58]} 48. Qh8+ {[%emt 0:01:54]} Ke7 {[%emt 0:00:04]} 49. Qh4+ {[%emt 0:00:10]} Ke8 {[%emt 0:00:17]} 50. bxa4 {[%emt 0:04:44]} Rxa4 {[%emt 0:00:13]} 51. Ke5 {[%emt 0:00:12]} Ra5+ {[%emt 0:00:38]} 52. Kf6 {[%emt 0:00:15]} b3 {[%emt 0:01:50]} 53. Qb4 {[%emt 0:02:52]} Rf5+ {[%emt 0:00:08]} 54. Kg7 {[%emt 0:00:03]} Rg5+ {[%emt 0:00:35]} 55. Kh6 {[%emt 0:00:08]} Rg6+ {[%emt 0:02:09]} 56. Kh7 {[%emt 0:00:19]} Rg5 {[%emt 0:01:55]} 57. Qxb3 {[%emt 0:01:18]} Rh5+ {[%emt 0:00:07]} 58. Kg7 {[%emt 0:00:08]} Rg5+ {[%emt 0:00:03]} 59. Kh6 {[%emt 0:00:06]} Rf5 {[%emt 0:00:04]} 60. h4 {[%emt 0:00:43]} Ke7 {[%emt 0:00:05]} 61. Kg7 {[%emt 0:01:03]} Rd5 {[%emt 0:00:13]} 62. Qb7+ {[%emt 0:00:15]} Ke8 {[%emt 0:00:05]} 63. Qxf7+ {[%emt 0:00:06]} 1-0

[Event "GAMMA Reykjavik Open 2019"]
[Site "Reykjavik"]
[Date "2019.04.16"]
[Round "9.24"]
[White "Thorhallsson, Simon"]
[Black "Gukesh D"]
[Result "0-1"]
[WhiteElo "2171"]
[BlackElo "2536"]
[Annotator "TA"]
[PlyCount "60"]
[EventDate "2019.04.04"]
[EventType "swiss"]
[EventCountry "ISL"]
[SourceTitle "playchess.com"]
[Source "ChessBase"]
[SourceQuality "1"]

{[%evp 19,60,39,33,18,35,25,37,0,0,0,0,0,0,0,0,-6,-18,-34,-29,-27,-43,-380,-307,-367,-375,-347,-339,-458,-440,-470,-469,-437,-455,-458,-445,-437,-416,-615,-606,-604,-595,-621,-615]} 1. d4 Nf6 2. c4 g6 3. Nc3 Bg7 4. e4 d6 5. f3 O-O 6. Be3 e5 7. Nge2 Nbd7 8. Qd2 c6 9. d5 cxd5 10. cxd5 a6 11. g3 {E89: King's Indian: Sämisch: 6...e5 7 d5 c6 8 Nge2 cxd5} (11. g4 h5 12. g5 Nh7 13. Nc1 f6 14. gxf6 Bxf6 15. Rg1 Bh4+ 16. Kd1 g5 17. Nd3 Kh8 18. Be2 Rf7 19. Rc1 Ndf8 20. Na4 {1-0 (43) Amin,B (2709)-Jovanovic,Z (2537) Zagreb 2018}) 11... b5 12. Bg2 b4 13. Nd1 $146 {White is slightly better.} ({Predecessor:} 13. Na4 a5 14. a3 Rb8 15. axb4 Rxb4 16. O-O Ba6 17. Ra3 Qb8 18. Rfa1 Rc8 {½-½ (81) Bischoff,K (2530)-Vogt,L (2505) Arosa 1996}) 13... a5 14. O-O Ba6 15. Nf2 Nc5 16. Rfd1 Nfd7 17. Nc1 f5 18. Nb3 f4 (18... Nb7 {is more complex.} 19. Bg5 Qb8 20. Rab1 Nb6 21. Bf1 Nc4) 19. gxf4 exf4 20. Bd4 $2 {[%mdl 8192] [#]} ({White should play} 20. Bxf4 $15 Ne5 21. Bxe5 Nxb3 22. axb3 Bxe5 23. Kh1) 20... Nxb3 $1 $19 21. axb3 Bxd4 22. Qxd4 Nc5 23. e5 Nxb3 {[%mdl 64] Double Attack} 24. Qe4 Nxa1 25. Rxa1 dxe5 26. Qxe5 Qf6 27. Qxf6 Rxf6 28. Rxa5 (28. Bh3 $142 Bc8 29. Bxc8 Rxc8 30. Rxa5) 28... Bb7 {Black is clearly winning.} 29. Rxa8+ Bxa8 30. Ne4 Rf8 {Accuracy: White = 42%, Black = 82%.} 0-1

[Event "GAMMA Reykjavik Open 2019"]
[Site "Reykjavik"]
[Date "2019.04.16"]
[Round "9.25"]
[White "Hambleton, Aman"]
[Black "Le Goff, Ronan"]
[Result "1-0"]
[WhiteElo "2484"]
[BlackElo "2186"]
[Annotator "ChessBase"]
[PlyCount "83"]
[EventDate "2019.04.04"]
[EventType "swiss"]
[EventCountry "ISL"]
[SourceTitle "playchess.com"]
[Source "ChessBase"]
[SourceQuality "1"]
[TimeControl "40/5400+30:1800+30"]

1. c4 {[%emt 0:00:00]} e6 {[%emt 0:00:00]} 2. d4 {[%emt 0:00:43]} d5 {[%emt 0:00:15]} 3. Nc3 {[%emt 0:00:20]} Nf6 {[%emt 0:00:07]} 4. cxd5 {[%emt 0:00:16]} exd5 {[%emt 0:00:12]} 5. Bg5 {[%emt 0:00:10]} Be7 {[%emt 0:00:49]} 6. e3 {[%emt 0:00:10]} c6 {[%emt 0:00:15]} 7. Bd3 {[%emt 0:00:21]} Nbd7 {[%emt 0:00:18]} 8. Nge2 {[%emt 0:00:53]} h6 {[%emt 0:00:20]} 9. Bh4 {[%emt 0:00:33]} Nh5 {[%emt 0:01:30]} 10. Bxe7 {[%emt 0:00:34]} Qxe7 {[%emt 0:00:08]} 11. g4 {[%emt 0:02:20]} Nhf6 {[%emt 0:03:06]} 12. h3 {[%emt 0:00:22]} Nb6 {[%emt 0:05:59]} 13. Qc2 {[%emt 0:01:13]} Bd7 {[%emt 0:04:54]} 14. O-O-O {[%emt 0:05:00]} O-O-O {[%emt 0:03:07]} 15. Kb1 {[%emt 0:03:16]} Kb8 {[%emt 0:04:05]} 16. Ng3 {[%emt 0:01:17]} g6 {[%emt 0:10:01]} 17. Rhe1 {[%emt 0:00:54]} h5 {[%emt 0:16:26]} 18. g5 {[%emt 0:20:51]} Ne8 {[%emt 0:16:23]} 19. h4 {[%emt 0:01:41]} Bg4 {[%emt 0:00:30]} 20. Be2 {[%emt 0:05:04]} Bxe2 {[%emt 0:00:47]} 21. Ncxe2 {[%emt 0:00:22]} Nd6 {[%emt 0:00:57]} 22. Nf4 {[%emt 0:00:21]} Rhe8 {[%emt 0:01:13]} 23. f3 {[%emt 0:13:27]} Ndc4 {[%emt 0:02:16]} 24. e4 {[%emt 0:03:18]} Qb4 {[%emt 0:03:46]} 25. Qc3 {[%emt 0:02:36]} Qb5 {[%emt 0:02:29]} 26. b3 {[%emt 0:03:08]} Na4 {[%emt 0:03:03]} 27. Qc1 {[%emt 0:00:10]} Na5 {[%emt 0:05:07]} 28. Ka1 {[%emt 0:04:32]} Nb6 {[%emt 0:00:49]} 29. e5 {[%emt 0:07:35]} Rg8 {[%emt 0:04:49]} 30. e6 {[%emt 0:03:38]} fxe6 {[%emt 0:00:07]} 31. Nxe6 {[%emt 0:00:12]} Rd7 {[%emt 0:00:59]} 32. f4 {[%emt 0:04:14]} Qb4 {[%emt 0:01:42]} 33. f5 {[%emt 0:02:36]} gxf5 {[%emt 0:00:17]} 34. Nxh5 {[%emt 0:03:35]} Rc8 {[%emt 0:00:21]} 35. Nf6 {[%emt 0:02:33]} Re7 {[%emt 0:00:09]} 36. Re3 {[%emt 0:06:36]} c5 {[%emt 0:03:23]} 37. Nxc5 {[%emt 0:00:50]} Rxe3 {[%emt 0:00:43]} 38. Qxe3 {[%emt 0:01:11]} Qa3 {[%emt 0:01:41]} 39. g6 {[%emt 0:01:40]} Na4 {[%emt 0:01:18]} 40. Rb1 {[%emt 0:00:00]} Rxc5 {[%emt 0:00:00]} 41. dxc5 {[%emt 0:03:09]} Nxc5 {[%emt 0:01:56]} 42. Qxc5 {[%emt 0:00:21]} 1-0